000
00256nam a2200109Ia 4500
008
190216s9999||||xx |||||||||||||| ||und||
100
_a
Anand J
245
0
_a
Medical College Entrance Exam
260
_b
Bright Careers
650
_a
References
942
_c
REF
999
_c
36135
_d
36135